Epoxy resins in the repair of timber structures (Record no. 86523)

MARC details
000 -LEADER
fixed length control field 00546cam a2200205 4500
001 - CONTROL NUMBER
control field D7620
008 - FIXED-LENGTH DATA ELEMENTS--GENERAL INFORMATION
fixed length control field 090401t1984 xxu||||| |||| 00| 0 eng d
035 ## - SYSTEM CONTROL NUMBER
System control number (Sirsi) u8503
041 ## - LANGUAGE CODE
Language code of text/sound track or separate title eng
050 ## - LIBRARY OF CONGRESS CALL NUMBER
Classification number 693.971
100 ## - MAIN ENTRY--PERSONAL NAME
Personal name Oates, D.W.
245 ## - TITLE STATEMENT
Title Epoxy resins in the repair of timber structures
260 ## - PUBLICATION, DISTRIBUTION, ETC.
Place of publication, distribution, etc. Ascot, Berks
Name of publisher, distributor, etc. Chartered Institute of Building
Date of publication, distribution, etc. 1984
300 ## - PHYSICAL DESCRIPTION
Extent 11p. ill. 30cm
350 ## - PRICE (NR) (BK AM CF MU VM SE) [OBSOLETE]
Price 0
490 ## - SERIES STATEMENT
Series statement Technical Information Service
-- Maintenance
Volume/sequential designation 43
700 ## - ADDED ENTRY--PERSONAL NAME
Personal name Rickards, M.
942 ## - ADDED ENTRY ELEMENTS (KOHA)
Suppress in OPAC 0
948 ## - LOCAL PROCESSING INFORMATION (OCLC); SERIES PART DESIGNATOR (RLIN)
c (OCLC) 04/03/1997
Holdings
Withdrawn status Lost status Source of classification or shelving scheme Damaged status Not for loan Home library Current library Shelving location Date acquired Total Checkouts Full call number Barcode Date last seen Date last checked out Copy number Price effective from Koha item type
    Other/Generic Classification Scheme     London London Boxed set 07/12/1992 1 BOXED SET 30030959 06/08/2019 02/04/2003 1 06/08/2019 Book